| 000 | 00361nam a2200133Ia 4500 | ||
|---|---|---|---|
| 005 | 20251222143153.0 | ||
| 008 | 251222s9999||||xx |||||||||||||| ||spa|| | ||
| 020 | _a978-9972-57-250-0 | ||
| 082 | _a332.632.7/T71 | ||
| 100 | _aTong, Jesús | ||
| 245 | 0 | _aFondos Mutuos en el Perú: | |
| 264 | _bCentro de Investigación Universidad del Pacífico | ||
| 942 | _cLIB | ||
| 999 |
_c12752 _d12752 |
||